000 00379nam a22001697a 4500
003 UA-OsUOA
001 4742
007 ta
008 20050721b un ||||| |||| 00| 0 ukr d
100 _aCarlsen
700 _aG. Robert
942 _cBK
040 _aUA-OsUOA
_cUA-OsUOA
_dUA-OsUOA
245 _aWestern Literature.Themes and Writers.
_bLiterature
955 _a2
650 7 _2UDC
999 _c290904
_d290904